De hadas, duendes y magia celta /

Guardado en:
Autor Principal: Blanco, Eduardo M.; adapt.
Otros Autores: Lizzo, Joe Lucho; il.
Formato: Libro
Idioma:Undetermined
Publicado: Buenos Aires : Santillana, 2011.
Edición:1a ed.
Series:Mis primeros clásicos de la mitología universal ; 9
Materias:
Etiquetas: Agregar Etiqueta
Sin Etiquetas, Sea el primero en etiquetar este registro!
LEADER 00727nam a22002175a 4500
001 CEM.cems021066
008 240424s2011####ag############000#0#und#d
005 20240424151036.0
245 1 0 |a De hadas, duendes y magia celta /  |c Adaptado por Eduardo M. Blanco ; ilustrado por Joe Lucho Lizzo. 
250 |a 1a ed. 
260 |a Buenos Aires :  |b Santillana,  |c 2011. 
300 |a 48 p. 
490 1 |a Mis primeros clásicos de la mitología universal ;  |v 9 
020 |a 9789870419297 
100 1 |a Blanco, Eduardo M.; adapt. 
700 1 |a Lizzo, Joe Lucho; il. 
653 |a Mitología 
653 |a Mitología celta 
653 |a Literatura celta 
653 |a Mitos 
859 |a CEMS  |b BIB. CEMS - Inicial y Primaria  |h 891.628  |i B598  |k IP  |p 6552  |t Ej.1